| Tag |
First Indicator |
Second Indicator |
Subfields |
| LEADER |
00000cam a2200000 i 4500 |
| 001 |
in00000802021 |
| 005 |
20170428161437.0 |
| 008 |
791011s1979 dcuabf b f000 0 eng c |
| 035 |
|
|
|a (OCoLC)ocm05519898
|
| 040 |
|
|
|a GPO
|b eng
|e rda
|c GPO
|d OCLCQ
|d SPI
|d OCLCF
|d OCLCQ
|d TXA
|
| 035 |
|
|
|a (OCoLC)5519898
|
| 037 |
|
|
|b 20410
|
| 042 |
|
|
|a pcc
|
| 043 |
|
|
|a n-us-pa
|
| 050 |
|
4 |
|a GB1399.2
|
| 074 |
|
|
|a 594-C-41
|
| 086 |
0 |
|
|a HH 10.9:As 6
|
| 049 |
|
|
|a TXAM
|
| 245 |
0 |
0 |
|a Flood insurance study.
|p Borough of Aspinwall, Pennsylvania, Allegheny County.
|
| 246 |
3 |
0 |
|a Borough of Aspinwall, Pennsylvania, Allegheny County
|
| 246 |
3 |
0 |
|a Aspinwall Borough, Pennsylvania
|
| 246 |
3 |
0 |
|a Allegheny County, Pennsylvania
|
| 264 |
|
1 |
|a [Washington, D.C.] :
|b U.S. Department of Housing & Urban Development, Federal Insurance Administration,
|c [1979]
|
| 300 |
|
|
|a ii, 16 pages, 1 folded leaf of plates :
|b illustrations, map ;
|c 28 cm
|
| 336 |
|
|
|a text
|b txt
|2 rdacontent
|
| 337 |
|
|
|a unmediated
|b n
|2 rdamedia
|
| 338 |
|
|
|a volume
|b nc
|2 rdacarrier
|
| 500 |
|
|
|a "June 1979."
|
| 504 |
|
|
|a Includes bibliographical references (pages 15-16).
|
| 500 |
|
|
|a Location map on cover.
|
| 500 |
|
|
|a Title from cover.
|
| 650 |
|
0 |
|a Flood forecasting
|z Pennsylvania
|z Allegheny County.
|
| 650 |
|
0 |
|a Flood forecasting
|z Pennsylvania
|z Aspinwall.
|
| 650 |
|
0 |
|a Flood insurance
|z Pennsylvania
|z Aspinwall.
|
| 650 |
|
0 |
|a Flood insurance
|z Pennsylvania
|z Allegheny County.
|
| 651 |
|
0 |
|a Aspinwall (Pa.)
|
| 651 |
|
0 |
|a Allegheny County (Pa.)
|
| 650 |
|
7 |
|a Flood insurance.
|2 fast
|0 (OCoLC)fst01715819
|
| 651 |
|
7 |
|a Pennsylvania
|z Allegheny County.
|2 fast
|0 (OCoLC)fst01209250
|
| 651 |
|
7 |
|a Pennsylvania
|z Aspinwall.
|2 fast
|0 (OCoLC)fst01308018
|
| 655 |
|
7 |
|a Technical reports.
|2 lcgft
|
| 710 |
1 |
|
|a United States.
|b Federal Insurance Administration,
|e issuing body.
|
| 856 |
4 |
1 |
|z Available online at HathiTrust:
|u http://hdl.handle.net/2027/txa.ark:/81423/m3ng8g
|t 0
|
| 949 |
|
|
|a updated
|b h
|c 2017/4/26
|e spoltoratski
|f 12:15:16 pm
|
| 994 |
|
|
|a C0
|b TXA
|
| 999 |
f |
f |
|s 0108fde6-889b-3686-bf75-9ceb0f4ad3ee
|i 83428bf2-b008-3b1f-bdcd-6e59f2220982
|t 0
|
| 952 |
f |
f |
|a Texas A&M University
|b College Station
|c Electronic Resources
|d Available Online
|t 0
|e HH 10.9:As 6
|g Electronic
|h Superintendent of Documents classification
|
| 998 |
f |
f |
|a HH 10.9:As 6
|t 0
|l Available Online
|